Представление документа в формате MARC21

Поле Инд. ПП Название Значение
Тип записи a
Библиографический уровень a
001 Контрольный номер d5b13ef1480e4525a064475a16b40238
005 Дата корректировки 20220224154011.5
040 a Служба первич. каталог. НБ ТвГУ
b Код языка каталог. rus
e Правила каталог. PSBO
041 0_ a Код языка текста rus
097 b Оператор Komarova.ES
100 1_ a Автор Авхимович Николь Вадимовна
q Полное имя Авхимович Н. В.
245 10 a Заглавие Неподвижная точка для логических программ
260 a Место издания Тверь
b Издательство Тверской государственный университет
504 a Библиография Библиогр.: с. 94 (3 назв.)
520 0_ a Аннотация В данной работе рассматривается понятие частичной неподвижной точки для нормальных логических программ. Мы показываем, как при помощи неподвижной точки можно сократить запись логической программы, причем экспоненциально. Также исследуем задачу о вычислении неподвижной точки в общем случае и доказываем для нее PSPACE-полноту.
653 0_ a Ключевые слова Логическая программа
a Ключевые слова Логика
a Ключевые слова Частичная неподвижная точка
a Ключевые слова Исследования
a Ключевые слова Труды Тверского государственного университета
773 18 w Контрольный № источника f93cd7c2cffb4b90a02951ff508e955d
t Название источника Математические основы информатики и информационно-коммуникационных систем"
d Место и дата издания Тверь : Тверской государственный университет, 2021
g Прочая информация С. 91-95
856 40 u URL http://megapro.tversu.ru/megaPro/UserEntry?Action=FindDocs&ids=5455309
u URL http://texts.lib.tversu.ru/texts/151503t.pdf
x Примечание для ЭОР Справка УИС 2021
x Примечание для ЭОР Реестр суммарного учета сетевых локальных документов
i Дата подключения ЭОР 20211224
901 t Тип документа a
920 a Оператор Кома
954 b Дата поступления в ОК 20211222